Statistics for Longest rivers in Asia

Click here to take the quiz!

General Stats

  • This quiz has been taken 152 times
  • The average score is 12 of 25

Answer Stats

Length (miles)Name of river% Correct
3,915Yangtze
92%
3,395Yellow River
92%
3,050Mekong
91%
1,800Indus
89%
1,560Ganges
88%
1,578Amu
73%
1,740Euphrates
69%
2,268Ob
66%
2,734Lena
62%
1,800Brahmaputra
59%
1,755Amur
57%
2,540Yenisei
52%
1,491Pearl River
51%
1,509Ural
47%
1,350Ayeyarwady
34%
1,749Salween
33%
1,374Syr Darya
32%
2,640Irtysh
28%
1,857Nizhnyaya Tunguska
14%
1,323Kolyma
12%
1,412Aldan
7%
1,647Vilyuy
7%
1,522Ishim
5%
1,424Olenyok
4%
1,229Vitim
2%

Score Distribution

Percentile by Number Answered

Percent of People with Each Score

Your Score History

You have not taken this quiz